| 000 | 00889nmm a2200289 a 4500 | ||
|---|---|---|---|
| 003 | AR-BaBNM | ||
| 005 | 20251128210343.0 | ||
| 008 | 011101s1999 ||||||||||||||000 | spa|| | ||
| 020 | _a1-886938-64-4 | ||
| 040 | _cAR-BaBNM | ||
| 245 | 1 | 0 |
_aDe burócratas a gerentes? _blas ciencias de la gestión aplicadas a la administración del estado |
| 260 |
_aWashington, D.C. _bBanco Interamericano de Desarrollo _c1999 |
||
| 300 | 0 |
_a447 p. _bgráfs. |
|
| 500 | 0 | _aContiene referencias bibliográficas | |
| 650 | 4 | _aADMINISTRACION PUBLICA | |
| 650 | 4 | _aGASTO PUBLICO | |
| 650 | 4 | _aRECURSOS HUMANOS | |
| 650 | 4 | _aGESTION DE LA INFORMACION | |
| 650 | 4 | _aSERVICIOS PUBLICOS | |
| 650 | 4 | _aFORMACION DE ADMINISTRADORES | |
| 650 | 4 | _aFUNCION PUBLICA | |
| 651 | 4 | _aCaribe | |
| 651 | 4 | _aAmérica Latina | |
| 700 | 1 |
_aLosada i Marrodán, Carlos _eeditor |
|
| 942 | _cBK | ||
| 998 | _calex | ||
| 999 |
_c15101 _d15101 |
||